| 000 | 00963nam1a22002411 4500 | ||
|---|---|---|---|
| 001 | rc\702823 | ||
| 005 | 20031121170558.4 | ||
| 035 | _a(NLR Aleph) 005954898 | ||
| 090 |
_a6797491 _c6797491 |
||
| 100 | _a20031121d1985 u |0rusy50 ca | ||
| 101 | 0 | _arus | |
| 102 | _aRU | ||
| 105 | _ay ||||||||| | ||
| 200 | 1 |
_aТекст лекций по курсу "Технология изделий из кожи" _f[К. т. н., доц. Чесунова А.Г.] _gМ-во высш. и сред. спец. образования СССР, Моск. технол. ин-т лег. пром-сти. Каф. Технологии изделий из кожи |
|
| 210 |
_aМ. _cМТИЛП _d1985 |
||
| 215 | _d20 | ||
| 300 | _aОбщ. загл. ч. 1: Конспект лекций по... | ||
| 700 | 1 |
_aЧесунова _bА. Г. _gАлла Георгиевна |
|
| 801 | 0 |
_aRU _bNLR _gpsbo |
|
| 801 | 1 |
_aRU _bELAR _2rusmarc |
|
| 852 |
_aNLR _j79-4/8999 |
||
| 942 | _cBOOK | ||
| 980 | _aNB | ||